| 000 | 00582nam a2200181Ia 4500 | ||
|---|---|---|---|
| 003 | GCL | ||
| 008 | 140319s9999 xx 000 0 ara d | ||
| 040 |
_aGCL / _cGCL |
||
| 082 | 0 | 4 |
_a811.9 _bج ع |
| 100 | 1 | _aفاروق شوشة | |
| 245 | 1 | 0 |
_aعذابات الميلاد الثانى: شعر / _cفاروق شوشة |
| 700 | 1 | _aجميل محمود عبدالرحمن | |
| 300 | _a128 ص | ||
| 490 |
_aالهيئة العامة للاستعلامات _v0 |
||
| 650 | 0 | 4 | _aالادب العربى |
| 650 | 0 | 4 | _aالشعر العربى - العصر الحديث |
| 942 |
_2ddc _cBK |
||
| 999 |
_c47281 _d47281 |
||